000 00964nam a22003377a 4500
001 BR0502071
003 BR-BrBNA
005 20230928101900.0
007 ta
008 230509b bl.||||| |||| 00| 0 por d
040 _aBR-BrBNA
_bpor
_cBiblioteca Nacional de Agricultura
041 _a(Por)
072 _aQ52; C20
_b8951
090 _ 8951 BR0502071
100 1 _aLopes, M.A.
100 1 _aBarros, B.F. de
100 1 _aFaria, D.H.
110 1 _aServiço Nacional de Aprendizagem Rural, Brasília, DF (Brasil)
245 1 _aTrabalhador na bovinocultura; conservação de forragens pelo método da fenação
_bColeção SENAR - 21
250 1 _a2. ed.
260 3 _aBrasília, DF (Brasil):
_c2004.
300 _a55 p.
500 _a89 illus.
650 _aFORRAGEM
650 _aFENO
650 _aPRESERVAÇÃO DE ALIMENTO
650 _aARMAZENAMENTO
650 _aEXTENSÃO RURAL
909 _a202309
_bLucia
_c55
_dLucia Elande
942 _cBK
999 _c68045
_d68045